Operations research : (Record no. 32579)

000 -LEADER
fixed length control field 00959cam a22002894a 4500
001 - CONTROL NUMBER
control field 14576880
003 - CONTROL NUMBER IDENTIFIER
control field OSt
005 - DATE AND TIME OF LATEST TRANSACTION
control field 20211231111809.0
008 - FIXED-LENGTH DATA ELEMENTS--GENERAL INFORMATION
fixed length control field 060929s2007 njua b 001 0 eng
010 ## - LIBRARY OF CONGRESS CONTROL NUMBER
LC control number 2006281521
038 ## - RECORD CONTENT LICENSOR
Staff Name khadija
040 ## - CATALOGING SOURCE
Original cataloging agency DLC
Transcribing agency DLC
Modifying agency DLC
050 00 - LIBRARY OF CONGRESS CALL NUMBER
Classification number T57.6
Item number .T3 2009
082 00 - DEWEY DECIMAL CLASSIFICATION NUMBER
Classification number 658.4034
Edition number 22
Author Mark TAH
100 1# - MAIN ENTRY--PERSONAL NAME
Personal name Taha, Hamdy A.
9 (RLIN) 87201
245 10 - TITLE STATEMENT
Title Operations research :
Remainder of title an introduction /
Statement of responsibility, etc. Hamdy A. Taha.
250 ## - EDITION STATEMENT
Edition statement 7th
260 ## - PUBLICATION, DISTRIBUTION, ETC.
Place of publication, distribution, etc. Upper Saddle River, N.J. :
Name of publisher, distributor, etc. Pearson/Prentice Hall,
Date of publication, distribution, etc. c2007.
300 ## - PHYSICAL DESCRIPTION
Extent xx, 813 p. :
Other physical details ill. ;
Dimensions 25 cm. +
Accompanying material 1 CD-ROM (4 3/4 in.)
504 ## - BIBLIOGRAPHY, ETC. NOTE
Bibliography, etc. note Includes bibliographical references and index.
563 ## - BINDING INFORMATION
Binding note HB
650 #0 - SUBJECT ADDED ENTRY--TOPICAL TERM
Topical term or geographic name entry element Operations research.
9 (RLIN) 87202
650 #0 - SUBJECT ADDED ENTRY--TOPICAL TERM
Topical term or geographic name entry element Programming (Mathematics)
9 (RLIN) 87203
906 ## - LOCAL DATA ELEMENT F, LDF (RLIN)
a 7
b cbc
c origcop
d 2
e ncip
f 20
g y-gencatlg
942 ## - ADDED ENTRY ELEMENTS (KOHA)
Source of classification or shelving scheme
Koha item type Book
Holdings
Withdrawn status Lost status Source of classification or shelving scheme Damaged status Not for loan Permanent Location Current Location Shelving location Date acquired Full call number Barcode Date last seen Price effective from Koha item type
          School of Mechanical & Manufacturing Engineering (SMME) School of Mechanical & Manufacturing Engineering (SMME) Text Books 10/05/2015 658.4034 TAH SMME-1414 03/28/2018 10/05/2015 Book
© 2023 Central Library, National University of Sciences and Technology. All Rights Reserved.